<?xml version="1.0" encoding="UTF-8"?><?xml-stylesheet type="text/xsl" href="static/style.xsl"?><OAI-PMH xmlns="http://www.openarchives.org/OAI/2.0/" xmlns:xsi="http://www.w3.org/2001/XMLSchema-instance" xsi:schemaLocation="http://www.openarchives.org/OAI/2.0/ http://www.openarchives.org/OAI/2.0/OAI-PMH.xsd"><responseDate>2026-04-17T04:21:24Z</responseDate><request verb="GetRecord" identifier="oai:www.recercat.cat:2099.1/12485" metadataPrefix="marc">https://recercat.cat/oai/request</request><GetRecord><record><header><identifier>oai:recercat.cat:2099.1/12485</identifier><datestamp>2025-07-22T15:20:01Z</datestamp><setSpec>com_2072_1033</setSpec><setSpec>col_2072_452951</setSpec></header><metadata><record xmlns="http://www.loc.gov/MARC21/slim" xmlns:dcterms="http://purl.org/dc/terms/" xmlns:xsi="http://www.w3.org/2001/XMLSchema-instance" xmlns:doc="http://www.lyncode.com/xoai" xsi:schemaLocation="http://www.loc.gov/MARC21/slim http://www.loc.gov/standards/marcxml/schema/MARC21slim.xsd">
   <leader>00925njm 22002777a 4500</leader>
   <datafield ind2=" " ind1=" " tag="042">
      <subfield code="a">dc</subfield>
   </datafield>
   <datafield ind2=" " ind1=" " tag="720">
      <subfield code="a">Arenas Casado, Diego</subfield>
      <subfield code="e">author</subfield>
   </datafield>
   <datafield ind2=" " ind1=" " tag="260">
      <subfield code="c">2011-06-29</subfield>
   </datafield>
   <datafield ind2=" " ind1=" " tag="520">
      <subfield code="a">Castellano: El objetivo general del proyecto fue hacer una "migration and upgrading" del sitio web de Jo Existeixo, que es una asociación de familias y profesionales vinculados con personas con pluridiscapacidad. En concreto, actualizamos el sitio web original migrando el software que lo soportaba a una versión más actual, modificando el diseño gráfico para hacerlo más amigable y atractivo y ampliando sus funcionalidades teniendo en cuenta criterios de seguridad, accesibilidad, etc. Entre las funcionalidades añadidas se encuentran: foros, chats, registro de usuarios, conectividad con redes sociales, conversión de texto a audio, widgets, etc. La herramienta principal para la implementación fue el gestor de contenidos Joomla, ya que era el que soportaba originalmente el sitio, y a día de hoy, es uno de los más importantes y seguros que hay de código libre. El sitio web está permanentemente accesible en http://www.joexisteixo.org/</subfield>
   </datafield>
   <datafield tag="653" ind2=" " ind1=" ">
      <subfield code="a">Àrees temàtiques de la UPC::Informàtica::Aplicacions de la informàtica</subfield>
   </datafield>
   <datafield tag="653" ind2=" " ind1=" ">
      <subfield code="a">Web site development</subfield>
   </datafield>
   <datafield tag="653" ind2=" " ind1=" ">
      <subfield code="a">Upgrading</subfield>
   </datafield>
   <datafield tag="653" ind2=" " ind1=" ">
      <subfield code="a">Findability</subfield>
   </datafield>
   <datafield tag="653" ind2=" " ind1=" ">
      <subfield code="a">Sistema de Gestión de Contenidos</subfield>
   </datafield>
   <datafield tag="653" ind2=" " ind1=" ">
      <subfield code="a">Pàgines web -- Desenvolupament</subfield>
   </datafield>
   <datafield ind2="0" ind1="0" tag="245">
      <subfield code="a">Sitio Web de Jo Existeixo: migration y upgrading.</subfield>
   </datafield>
</record></metadata></record></GetRecord></OAI-PMH>